000
00313nam a2200133 a 4500
003
0
005
20240731123734.0
008
030502s19uu xx 00 eng d
050
_a
VHS 400
_b
R 02
100
_a
De Bergerac, Cyrano
245
_a
French /
_c
Cyrano de Bergerac.
942
_c
AVM
_2
lcc
999
_c
108529
_d
108529